00523 a2200157 4500008004100000020001500041082002000056100000800076110004000084245010300124250001200227260005700239300001400296490002200310650003300332200211b ||||| |||| 00| 0 eng d a928016114800a623.8245 bI339 aIMO aInternational Maritime Organization aModel course 1.01: basic training for oil and chemical tanker cargo operations (Model Course 1.01) a2nd ed. aLondon:bInternational Maritime Organization,c2014. av, 208 p.0 aModel Course 1.01 0aTankers - Study and Teaching